Meranie geometrických parametrov žeriavových dráh s využitím priestorovej polárnej metódy

Gespeichert in:
Bibliographische Detailangaben
1. Verfasser: Bagín, Tomáš, 1989- (Verfasst von)
Weitere Verfasser: Bajtala, Marek, 1975- (Betreuung Doktorarbeit)
Format: Manuskript Buch
Sprache:Slowakisch
Veröffentlicht: Bratislava : STU v Bratislave SvF, 2014
Schlagworte:
Online-Zugang:VAIS
https://opac.crzp.sk/?fn=detailBiblioForm&sid=92966E43A3D63D570E2F2AA5D87D
Tags: Tag hinzufügen
Keine Tags, Fügen Sie das erste Tag hinzu!

MARC

LEADER 00000ntm a22000003a 4500
001 stu297662
005 20231115132846.1
008 140919s2014----xo------------------slo-d
040 |a STU  |b slo 
041 0 |a slo 
044 |a xo 
100 1 |a Bagín, Tomáš,  |d 1989-  |4 aut  |u V  |T SvF Stavebná fakulta  |X 67217  |U V  |Y 10  |7 A000067217 
242 0 0 |a The measurement of geometrical parameters of crane rails using spatial polar method  |y eng 
245 1 |a Meranie geometrických parametrov žeriavových dráh s využitím priestorovej polárnej metódy 
260 |a Bratislava :  |b STU v Bratislave SvF,  |c 2014 
650 7 |a geodézia a kartografia  |2 stusub 
650 7 |a Geodesy and Cartography  |2 estusub 
650 7 |a total station  |2 estusub 
650 7 |a spatial polar method  |2 estusub 
650 7 |a univerzálna meracia stanica  |2 stusub 
650 7 |a priestorová polárna metóda  |2 stusub 
700 1 |a Bajtala, Marek,  |d 1975-  |4 ths  |u V140  |U SvF Stavebná fakulta  |T SvF Katedra geodézie  |X 1018  |U V140  |Y 14  |7 A000001018 
856 4 |a info a plný text  |u http://is.stuba.sk/zp/portal_zp.pl?podrobnosti=100632  |3 VAIS 
856 4 |a CRZP  |u https://opac.crzp.sk/?fn=detailBiblioForm&sid=92966E43A3D63D570E2F2AA5D87D